Programming in ANSI C (Record no. 1152)

MARC details
000 -LEADER
fixed length control field 00440nam a22001817a 4500
005 - DATE AND TIME OF LATEST TRANSACTION
control field 20180205101421.0
008 - FIXED-LENGTH DATA ELEMENTS--GENERAL INFORMATION
fixed length control field 160520b xxu||||| |||| 00| 0 eng d
020 ## - INTERNATIONAL STANDARD BOOK NUMBER
ISBN 978-1-25-900461-2
041 ## - LANGUAGE CODE
Language code of text/sound track or separate title eng
082 ## - DEWEY DECIMAL CLASSIFICATION NUMBER
Item number 3356
Classification number 005.133
100 ## - MAIN ENTRY--AUTHOR NAME
Personal name Balagurusamy E.
245 ## - TITLE STATEMENT
Title Programming in ANSI C
250 ## - EDITION STATEMENT
Edition statement 6th ed.
260 ## - PUBLICATION, DISTRIBUTION, ETC. (IMPRINT)
Place of publication New Delhi
Name of publisher TMH,
Year of publication 2012
300 ## - PHYSICAL DESCRIPTION
Number of Pages 558
650 ## - SUBJECT ADDED ENTRY--TOPICAL TERM
Topical Term Information Technology
942 ## - ADDED ENTRY ELEMENTS (KOHA)
Koha item type Books
Holdings
Lost status Damaged status Home library Current library Shelving location Date acquired Cost, normal purchase price Full call number Accession Number Koha item type Collection code
    JRU Library   SHELF-6-A 20/05/2016 310.00 0056 3356 Books  
    JRU Library JRU Library SHELF-50-D 20/05/2016 310.00 005.133 3357 Books CS/IT
    JRU Library JRU Library SHELF-53-F 20/05/2016 310.00 0056 3358 Books CS/IT